[Event "GER-chT U10"]
[Site "Magdeburg"]
[Date "2021.08.06"]
[Round "2.3"]
[White "Greive, Jakob"]
[Black "Yaroshenko, Vladimir"]
[Result "1-0"]
[WhiteElo "1304"]
[BlackElo "1097"]
[PlyCount "77"]
[EventDate "2021.08.06"]
[EventType "team-swiss"]
[EventRounds "7"]
[EventCountry "GER"]
[SourceTitle "EXT 2022"]
[Source "ChessBase"]
[SourceDate "2021.10.06"]
[SourceVersion "1"]
[SourceVersionDate "2021.10.06"]
[SourceQuality "1"]
[WhiteTeam "Tegernsee"]
[BlackTeam "Graefelfing"]
[WhiteTeamCountry "GER"]
[BlackTeamCountry "GER"]

1. e4 e5 2. Nf3 Nc6 3. Bc4 Bc5 4. Nc3 d6 5. h3 Nf6 6. d3 Be6 7. Bb3 Qe7 8. Bg5 h6 9. Bh4 g5 10. Bg3 0-0-0 11. Qd2 d5 12. exd5 Bxd5 13. Nxd5 Nxd5 14. Bxd5 Rxd5 15. Qe2 Re8 16. 0-0-0 f5 17. Kb1 f4 18. Bh2 Bd6 19. g3 Rb5 20. d4 a6 21. dxe5 Bxe5 22. Nxe5 Qa3 23. Qxb5 axb5 24. bxa3 Rxe5 25. gxf4 gxf4 26. Bxf4 Re6 27. Rhe1 Rxe1 28. Rxe1 Kd7 29. Bxh6 Ne7 30. h4 Ng6 31. h5 Nh8 32. Bf8 Kc6 33. Re7 b6 34. Rh7 Kb7 35. Rxh8 Ka6 36. Rh7 c5 37. f4 c4 38. c3 Ka5 39. Ra7# 1-0